Launching 4G Mobile Broadband for Large Screens at Zong (Record no. 532555)

000 -LEADER
fixed length control field 00485nam a22001577a 4500
020 ## - INTERNATIONAL STANDARD BOOK NUMBER
Qualifying information Hard Cover.
082 ## - DEWEY DECIMAL CLASSIFICATION NUMBER
Classification number 658.4
100 ## - MAIN ENTRY--PERSONAL NAME
Personal name Javed, Chaudhry Usman
245 ## - TITLE STATEMENT
Title Launching 4G Mobile Broadband for Large Screens at Zong
Statement of responsibility, etc. Chaudhry Usman Javeed.
260 ## - PUBLICATION, DISTRIBUTION, ETC.
Place of publication, distribution, etc. Islamabad:
Name of publisher, distributor, etc. NBS - NUST,
Date of publication, distribution, etc. 2016.
300 ## - PHYSICAL DESCRIPTION
Extent 67 p. : ill. ;
Dimensions 30cm.
650 ## - SUBJECT ADDED ENTRY--TOPICAL TERM
Topical term or geographic name entry element EMBA-Thesis.
700 ## - ADDED ENTRY--PERSONAL NAME
Personal name Bilal Chohan.
942 ## - ADDED ENTRY ELEMENTS (KOHA)
Source of classification or shelving scheme
Koha item type Thesis
650 ## - SUBJECT ADDED ENTRY--TOPICAL TERM
-- 17645
700 ## - ADDED ENTRY--PERSONAL NAME
-- 18858
Holdings
Withdrawn status Lost status Source of classification or shelving scheme Damaged status Not for loan Permanent Location Current Location Shelving location Date acquired Full call number Barcode Date last seen Price effective from Koha item type
          Central Library (CL) Central Library (CL) Thesis 11/25/2019 658.4 CL-T-2441 11/25/2019 11/25/2019 Thesis
© 2023 Central Library, National University of Sciences and Technology. All Rights Reserved.